• 首页
  • 本馆介绍
  • 公告通知
  • 最新文献
  • 馆藏检索
  • 电子资源
  • 读者导购
  • 参考咨询
  • 我的图书馆
  • 登录
  • 详细信息显示
  • 放入我的书架
  • 预约/预借图书
  • 作者相关作品
  • 分类相关作品
  • 丛书相关作品
  • 出版社相关作品

书目信息

  • 表格格式
  • 工作单格式
  • 卡片格式
题名:
秋瑾传
    
 
作者: 夏衍原 著 ;柯灵 改编
分册:  
出版信息: 上海   上海文艺出版社  1979
页数: 85页
开本: 19cm
丛书名:
单 册:
中图分类: I235.17
科图分类:
主题词: 电影文学剧本--中国--现代
电子资源:
ISBN:
000 00647nam0 2200229 45
001 0179003210
005 20060912111201.35
010    @dCNY0.33
091    @aCN@b8078.3090
100    @a19950719d1979 em y0chiy0121 ea
101 0  @achi
102    @aCN@b310000
105    @af z 000by
200 10 @a秋瑾传@Aqiu jin zhuan@f夏衍原著@Fxia yan yuan zhu@g柯灵改编@Gke ling gai bian
210    @a上海@c上海文艺出版社@d1979
215    @a85页@c图@d19cm
606    @a电影文学剧本@y中国@z现代
690    @aI235.17@v3
701  0 @a夏衍原@Axia yan yuan@4著
702  0 @a柯灵@Ake ling@4改编
801  0 @aCN@bTSSF@c20060912
905    @a10447@dI235.17@e127
    
    秋瑾传/夏衍原著/柯灵改编.-上海:上海文艺出版社,1979
    85页:图;19cm
    
    
    ISBN :CNY0.33
    
●
相关链接 在E读中查询图书 在五车中查询图书 在当当中查询图书 在豆瓣中查询图书


正题名:秋瑾传     索取号:I235.17/127         预约/预借

序号 登录号 条形码 馆藏地/架位号 状态 备注
1 0026842   000764809   第一样本阅览室/ [索取号:I235.17/127] 在馆    
2 0450463   204504633   密集书库/ [索取号:I235.17/127] 在馆    
3 0474755   204747550   密集书库/ [索取号:I235.17/127] 在馆    
4 0475235   204752357   密集书库/ [索取号:I235.17/127] 在馆    
唐山师范学院图书馆 欢迎您!
大连网信软件有限公司© 版权所有